Prime Ministers of Norway (Post 1945) - Statistics

General Stats
  • This quiz has been taken 24 times
  • The average score is 11 of 22
Answer Stats
Years Served Prime Minister % Correct
2013 - 2021 Erna Solberg
100%
2021 - Present Jonas Gahr Støre
100%
2000 - 2001 Jens Stoltenberg
94%
2005 - 2013 Jens Stoltenberg
94%
1945 - 1951 Einar Gerhardsen
63%
1955 - 1963 Einar Gerhardsen
63%
1963 - 1965 Einar Gerhardsen
63%
1981 Gro Harlem Brundtland
56%
1986 - 1989 Gro Harlem Brundtland
56%
1990 - 1996 Gro Harlem Brundtland
56%
1981 - 1986 Kåre Willoch
50%
1997 - 2000 Kjell Magne Bondevik
50%
2001 - 2005 Kjell Magne Bondevik
50%
1996 - 1997 Thorbjørn Jagland
44%
1989 - 1990 Jan Peder Syse
31%
1976 - 1981 Odvar Nordli
25%
1971 - 1972 Trygve Bratteli
25%
1973 - 1976 Trygve Bratteli
25%
1972 - 1973 Lars Korvald
19%
1951 - 1955 Oscar Torp
19%
1963 John Lyng
13%
1965 - 1971 Per Borten
13%
No matching quizzes found
Score Distribution
Percent of People with Each Score
Percentile by Number Answered
Your Score History
You have not taken this quiz